000 00643nam a2200229Ia 4500
003 OSt
005 20221007074805.0
006 a|||||r|||| 00| 0
007 ta
008 221006b |||||||| |||| 00| 0 eng d
024 _a11,397
037 _cTextual
040 _aFLL
_cFLL
_beng
041 _2eng
_aeng
082 _aVIN45:8-1:N5, K8
100 _aPanhuys H.F.V. Au.
_9693144
245 0 _aInternational organisation and integration
260 _aNetherland
_bA.W.Sijhoff Netherland
_c1968
300 _a1141p
_ccm.
942 _hVIN45:8-1:N5, K8
_cTEXL
_2CC
999 _c1153678
_d1153678